| 000 | 00797nam a2200217 4500 | ||
|---|---|---|---|
| 001 | 123027 | ||
| 003 | ES-MaACL | ||
| 005 | 20250827062622.0 | ||
| 007 | t| | ||
| 008 | 070214s1956 sp r ||||0| spa d | ||
| 110 | 1 |
_aEspaña _93622 |
|
| 130 | 0 |
_aTratados, etc. _9135427 |
|
| 245 | 1 | 0 |
_aProtocolo adicional al Convenio cultural entre España y Ecuador de 5 de mayo de 1953 _b: Quito, 6 de diciembre de 1954. |
| 260 |
_aMadrid : _b[s. n.], _c1956 ( _fImp. del Ministerio) |
||
| 300 |
_a3 h ; _c23 cm. |
||
| 500 | _aPrecede al tít.: Ministerio de Asuntos Exteriores, Registro de Tratados, nº 86. | ||
| 710 | 2 |
_aEcuador. _93419 |
|
| 710 | 1 |
_aEspaña. _bMinisterio de Asuntos Exteriores. _bRegistro de Tratados. _9168910 |
|
| 852 |
_aES-MaACL _j1994-F-10 _bR.39306 |
||
| 999 |
_c123027 _d123027 |
||